Liquid Smooth Lyrics (Mitski) - Statistics

General Stats
  • This quiz has been taken 8 times
  • The average score is 134 of 185
Answer Stats
Answer % Correct
An
100%
And
100%
Come
100%
I
100%
I'm
100%
Im
100%
In
100%
Is
100%
Liquid
100%
Me
100%
My
100%
Prime
100%
Smooth
100%
To
100%
Too
100%
Touch
100%
Feel
80%
Skin
80%
About
60%
Am
60%
Fall
60%
Full
60%
Life
60%
Of
60%
Rushing
60%
Veins
60%
崩れてゆく前に
40%
All
40%
At
40%
Biology
40%
Blood
40%
Capture
40%
Chemical
40%
Do
40%
Highest
40%
It
40%
Know
40%
Or
40%
Organism
40%
Peak
40%
Plump
40%
Red
40%
Ripe
40%
This
40%
Through
40%
What
40%
With
40%
Beautiful
20%
Beauty
20%
Beginning
20%
But
20%
'Cause
20%
Circles
20%
Else
20%
End
20%
Go
20%
How
20%
It's
20%
Least
20%
Living
20%
Nowhere
20%
Picture
20%
Pulsing
20%
River
20%
'Round
20%
Season
20%
Take
20%
That
20%
That's
20%
The
20%
Unafraid
20%
No matching quizzes found
Score Distribution
Percent of People with Each Score
Percentile by Number Answered
Your Score History
You have not taken this quiz